00518nam a2200157 4500999001900000008004100019100002400060245004300084260000900127300001300136700002600149773003500175906002800210942001200238952011000250 c510486d510486190819b ||||| |||| 00| 0 eng d aGoyal, Ashima98569 aOverreaction in Indian monetary policy c2019 ap.12-14. aKumar, Abhishek98568 a Economic and Political Weekly aMonetary policy - India 2ddccAR 00102ddc40709384415aIIPAbIIPAd2019-08-19h54(12), 23 Mar, 2019: p.12-14.pAR120355r2019-08-19yAR